|
|
|
|
| LEADER |
00824nab a2200253 i 4500 |
| 001 |
publ18835 |
| 005 |
20200603162334.0 |
| 008 |
200603s2020 hu o 0|| zxx d |
| 022 |
|
|
|a 0030-6002
|
| 024 |
7 |
|
|a 10.1556/650.2020.31642
|2 doi
|
| 024 |
7 |
|
|a 31156271
|2 mtmt
|
| 040 |
|
|
|a SZTE Publicatio Repozitórium
|b hun
|
| 041 |
|
|
|a zxx
|
| 100 |
1 |
|
|a Sejben Anita
|
| 245 |
1 |
2 |
|a A tüdőartériák intimájából kiinduló sarcoma
|h [elektronikus dokumentum] /
|c Sejben Anita
|
| 260 |
|
|
|c 2020
|
| 300 |
|
|
|a 232-236
|
| 490 |
0 |
|
|a ORVOSI HETILAP
|v 161 No. 6
|
| 700 |
0 |
1 |
|a Tiszlavicz László
|e aut
|
| 700 |
0 |
1 |
|a Furák József
|e aut
|
| 700 |
0 |
1 |
|a Bencsik Krisztina
|e aut
|
| 700 |
0 |
1 |
|a Sápi Zoltán
|e aut
|
| 700 |
0 |
1 |
|a Zombori Tamás
|e aut
|
| 856 |
4 |
0 |
|u http://publicatio.bibl.u-szeged.hu/18835/1/650.2020.31642-06.03..pdf
|z Dokumentum-elérés
|